000 00303nam a22001337a 4500
008 170130b xxu||||| |||| 00| 0 eng d
020 _a0893951652
041 _aeng
080 _a61
100 _a3
101 _aSHMI
245 _aMANAGEMENT OF PATIENTS WITH CHRONIC PAIN
_cBRENA S.F
942 _2udc
_cBK
999 _c3982
_d3982